000 00339nam a2200157Ia 4500
008 210210b1944 xxu||||| |||| 00| 0 eng d
041 _aeng
082 _a920/98
100 _aVOIGT (F A)
245 _aPolish question
260 _aBombay
_b-
_c1944
650 _aquestion
650 _aPolish
690 _aHistory
906 _a024840
999 _c150460
_d150460